Statistiques concernant They Shoot Pictures, Don't They? - films 661 à 680

Cliquez ici pour prendre le quiz!

Statistiques générales

  • Ce quiz a été pris 19 fois
  • Le résultat moyen est 3 sur 20

Statistiques - réponses

Réponse% Correct
Trainspotting
81%
Frankenstein
56%
La Party
50%
Millennium Mambo
25%
La Coisière du Navigator
19%
L'Aventure de madame Muir
19%
Le Fantôme de la liberté
19%
Le Chagrin et la Pitié
13%
Chronique d'un été
6%
Frontière chinoise
6%
Hyènes
6%
Le Mariage de Maria Braun
6%
Arrebato
0%
L'Emploi
0%
L'Intrus
0%
Lumière silencieuse
0%
Nouvelle vague
0%
Plácido
0%
Ratcatcher
0%
Wilhelm Reich : Les Mystères de l'organisme
0%

Distribution des résultats

Percentile par nombre de réponses

% des personnes avec chaque résultat

Votre développement - résultats

Vous n’avez pas pris ce quiz